Spravodajca ústredných štatistických orgánov

Salvato in:
Dettagli Bibliografici
Natura: Periodico
Lingua:slovacco
Pubblicazione: Bratislava Štat. a evid. vyd. tlačív
Tags: Aggiungi Tag
Nessun Tag, puoi essere il primo ad aggiungerne!!

MARC

LEADER 00000nas1a22000001 4500
001 s120793
005 20041020174156.2
041 0 |a slo 
044 |a SK 
245 1 0 |a Spravodajca ústredných štatistických orgánov 
264 1 |a Bratislava  |b Štat. a evid. vyd. tlačív